00759cam a2200217 a 450000100090000000300040000900500170001300800410003002000180007104000440008905000230013308200200015610000300017624500890020626000520029530000520034750000190039965000410041865000530045970000290051249550686OSt20161217091844.0020722s2012 enka 001 0 eng  a9781107600942 aUKMcUKMdOCLCQdBAKERdPL#dNLGGCdCTI 4aPE1449b.M332 200204a428.24221bMME1 aMcCarthy, Michael,d1947-10aEnglish vocabulary in use :bUpper-intermediate /cMichael McCarthy, Felicity O'Dell aCambridge :bCambridge University Press,c2012. a315 p. :bill. ;c25 cm. e1 CD-ROM (4-3/4 in.) aIncludes index 0aVocabularyvProblems, exercises, etc 0aEnglish languagevTextbooks for foreign speakers1 aO'Dell, Felicity,d1947-